000 01245nam a22003497a 4500
003 CHAP
005 20220329141507.0
008 971013s1989 r 00010 d
010 _a69010
011 _a69982
035 _a79461
040 _cCHAP
090 _aTesis
100 0 0 _aCéspedes Flores, Silvia.
_924337
245 _aPrecios paritarios de exportación de los principales productos forestales chilenos
260 _aMontecillo, Méx. :
_bEl autor,
_c1989
300 _a62 h.
_b; gráfs.
500 _a32-161
502 _aTesis (Maestro en Ciencias Esp. en Economía Forestal) -- CP. Centro de Genética. Programa Forestal
590 _aALEPH
_b10
_c20130110
_lUCH01
_h1407
590 _aBATCH-UPD
_b10
_c20130110
_lUCH01
_h0759
590 _aBATCH-UPD
_b10
_c20130410
_lUCH01
_h0438
590 _aBATCH-UPD
_b10
_c20130914
_lUCH01
_h0957
590 _aCONVERSION
_b10
_c20130109
_lUCH01
_h1338
650 1 4 _aProductos forestales
_xChile.
_992071
650 1 4 _aProductos forestales
_xPrecios.
_992101
710 0 _aColegio de Postgraduados. Chapingo, Méx. Centro de Genética.
_925083
901 _aBK
942 _cFOLL
949 _bBC
_cTES
_d-32350
_eTS1
_h22262
_i79461
_si
949 _bBC
_cTES
_d-95345
_eTS2
_fc.2
_h22263
_i79461
_si
999 _c69010
_d69010